<?xml version="1.0" encoding="UTF-8"?>
<record
    xmlns:xsi="http://www.w3.org/2001/XMLSchema-instance"
    xsi:schemaLocation="http://www.loc.gov/MARC21/slim http://www.loc.gov/standards/marcxml/schema/MARC21slim.xsd"
    xmlns="http://www.loc.gov/MARC21/slim">

  <leader>00684nam a22001577a 4500</leader>
  <controlfield tag="003">OSt</controlfield>
  <controlfield tag="005">20160229142059.0</controlfield>
  <controlfield tag="008">160229b        xxu||||| |||| 00| 0 eng d</controlfield>
  <datafield tag="040" ind1=" " ind2=" ">
    <subfield code="c">RUA</subfield>
  </datafield>
  <datafield tag="082" ind1=" " ind2=" ">
    <subfield code="a">VEM SUM 2014 B441 Or.1</subfield>
  </datafield>
  <datafield tag="100" ind1=" " ind2=" ">
    <subfield code="9">7611</subfield>
    <subfield code="a">SUM MUNY; &#x179F;&#x17CA;&#x17BB;&#x17C6; &#x1798;&#x17BB;&#x1793;&#x17D2;&#x1793;&#x17B8;</subfield>
  </datafield>
  <datafield tag="245" ind1=" " ind2=" ">
    <subfield code="a">Study on epidemiology of fasiolosis in cattle at ponhea leu district, kandal province, &#x1780;&#x17B6;&#x179A;&#x179F;&#x17B7;&#x1780;&#x17D2;&#x179F;&#x17B6;&#x1796;&#x17B8;&#x1780;&#x1798;&#x17D2;&#x179A;&#x17B7;&#x178F;&#x179A;&#x17B6;&#x179B;&#x178A;&#x17B6;&#x179B;&#x179A;&#x1794;&#x179F;&#x17CB;&#x17A0;&#x17D2;&#x179C;&#x17B6;&#x179F;&#x17D2;&#x1799;&#x17BC;&#x17BC;&#x17A1;&#x17B6;&#x179B;&#x17BE;&#x1782;&#x17C4; &#x1780;&#x17D2;&#x1793;&#x17BB;&#x1784;&#x179F;&#x17D2;&#x179A;&#x17BB;&#x1780;&#x1796;&#x1789;&#x17B6;&#x17AD; &#x1781;&#x17C1;&#x178F;&#x17D2;&#x178F;&#x1780;&#x178E;&#x17D2;&#x178A;&#x17B6;&#x179B;</subfield>
  </datafield>
  <datafield tag="260" ind1=" " ind2=" ">
    <subfield code="a">Phnom Penh</subfield>
    <subfield code="b">RUA</subfield>
    <subfield code="c">2014</subfield>
  </datafield>
  <datafield tag="300" ind1=" " ind2=" ">
    <subfield code="a">ix ; 39p.</subfield>
    <subfield code="b">ill.</subfield>
    <subfield code="c">29cm.</subfield>
  </datafield>
  <datafield tag="942" ind1=" " ind2=" ">
    <subfield code="2">ddc</subfield>
    <subfield code="c">VTF`</subfield>
  </datafield>
  <datafield tag="999" ind1=" " ind2=" ">
    <subfield code="c">7210</subfield>
    <subfield code="d">7210</subfield>
  </datafield>
  <datafield tag="952" ind1=" " ind2=" ">
    <subfield code="0">0</subfield>
    <subfield code="1">0</subfield>
    <subfield code="2">ddc</subfield>
    <subfield code="4">0</subfield>
    <subfield code="6">VEM_SUM_2014_000000000000000_B441_OR_1</subfield>
    <subfield code="7">0</subfield>
    <subfield code="9">42273</subfield>
    <subfield code="a">LBB</subfield>
    <subfield code="b">LBB</subfield>
    <subfield code="c">B441</subfield>
    <subfield code="d">2016-02-29</subfield>
    <subfield code="l">1</subfield>
    <subfield code="o">VEM SUM 2014 B441 Or.1</subfield>
    <subfield code="p">RUA052954</subfield>
    <subfield code="r">2018-02-27</subfield>
    <subfield code="s">2018-02-02</subfield>
    <subfield code="w">2016-02-29</subfield>
    <subfield code="y">VTF`</subfield>
  </datafield>
  <datafield tag="952" ind1=" " ind2=" ">
    <subfield code="0">0</subfield>
    <subfield code="1">0</subfield>
    <subfield code="2">ddc</subfield>
    <subfield code="4">0</subfield>
    <subfield code="6">VEM_SUM_2014_000000000000000_B441_OR_2</subfield>
    <subfield code="7">0</subfield>
    <subfield code="9">42274</subfield>
    <subfield code="a">LBB</subfield>
    <subfield code="b">LBB</subfield>
    <subfield code="c">B441</subfield>
    <subfield code="d">2016-02-29</subfield>
    <subfield code="o">VEM SUM 2014 B441 Or.2</subfield>
    <subfield code="p">RUA052535</subfield>
    <subfield code="r">2016-02-29</subfield>
    <subfield code="w">2016-02-29</subfield>
    <subfield code="y">VTF`</subfield>
  </datafield>
  <datafield tag="952" ind1=" " ind2=" ">
    <subfield code="0">0</subfield>
    <subfield code="1">0</subfield>
    <subfield code="2">ddc</subfield>
    <subfield code="4">0</subfield>
    <subfield code="6">VEM_SUM_2014_000000000000000_B441_OR_3</subfield>
    <subfield code="7">0</subfield>
    <subfield code="9">42275</subfield>
    <subfield code="a">LBB</subfield>
    <subfield code="b">LBB</subfield>
    <subfield code="c">B441</subfield>
    <subfield code="d">2016-02-29</subfield>
    <subfield code="l">3</subfield>
    <subfield code="o">VEM SUM 2014 B441 Or.3</subfield>
    <subfield code="p">RUA052533</subfield>
    <subfield code="r">2018-05-07</subfield>
    <subfield code="s">2018-03-28</subfield>
    <subfield code="w">2016-02-29</subfield>
    <subfield code="y">VTF`</subfield>
  </datafield>
  <datafield tag="952" ind1=" " ind2=" ">
    <subfield code="0">0</subfield>
    <subfield code="1">0</subfield>
    <subfield code="2">ddc</subfield>
    <subfield code="4">0</subfield>
    <subfield code="6">VEM_SUM_2014_000000000000000_B441_OR_4</subfield>
    <subfield code="7">0</subfield>
    <subfield code="9">42276</subfield>
    <subfield code="a">LBB</subfield>
    <subfield code="b">LBB</subfield>
    <subfield code="c">B441</subfield>
    <subfield code="d">2016-02-29</subfield>
    <subfield code="l">1</subfield>
    <subfield code="o">VEM SUM 2014 B441 Or.4</subfield>
    <subfield code="p">RUA052649</subfield>
    <subfield code="r">2018-05-25</subfield>
    <subfield code="s">2018-05-18</subfield>
    <subfield code="w">2016-02-29</subfield>
    <subfield code="y">VTF`</subfield>
  </datafield>
  <datafield tag="952" ind1=" " ind2=" ">
    <subfield code="0">0</subfield>
    <subfield code="1">0</subfield>
    <subfield code="2">ddc</subfield>
    <subfield code="4">0</subfield>
    <subfield code="6">VEM_SUM_2014_000000000000000_B441_OR_5</subfield>
    <subfield code="7">0</subfield>
    <subfield code="9">42277</subfield>
    <subfield code="a">LBB</subfield>
    <subfield code="b">LBB</subfield>
    <subfield code="c">B441</subfield>
    <subfield code="d">2016-02-29</subfield>
    <subfield code="l">1</subfield>
    <subfield code="o">VEM SUM 2014 B441 Or.5</subfield>
    <subfield code="p">RUA052763</subfield>
    <subfield code="r">2018-06-13</subfield>
    <subfield code="s">2018-06-08</subfield>
    <subfield code="w">2016-02-29</subfield>
    <subfield code="y">VTF`</subfield>
  </datafield>
  <datafield tag="952" ind1=" " ind2=" ">
    <subfield code="0">0</subfield>
    <subfield code="1">0</subfield>
    <subfield code="2">ddc</subfield>
    <subfield code="4">0</subfield>
    <subfield code="6">VEM_SUM_2014_000000000000000_B441_OR_6</subfield>
    <subfield code="7">0</subfield>
    <subfield code="9">42278</subfield>
    <subfield code="a">LBB</subfield>
    <subfield code="b">LBB</subfield>
    <subfield code="c">B441</subfield>
    <subfield code="d">2016-02-29</subfield>
    <subfield code="o">VEM SUM 2014 B441 Or.6</subfield>
    <subfield code="p">RUA053131</subfield>
    <subfield code="r">2016-02-29</subfield>
    <subfield code="w">2016-02-29</subfield>
    <subfield code="y">VTF`</subfield>
  </datafield>
  <datafield tag="952" ind1=" " ind2=" ">
    <subfield code="0">0</subfield>
    <subfield code="1">0</subfield>
    <subfield code="2">ddc</subfield>
    <subfield code="4">0</subfield>
    <subfield code="6">VEM_SUM_2014_000000000000000_B441_OR_7</subfield>
    <subfield code="7">0</subfield>
    <subfield code="9">42279</subfield>
    <subfield code="a">LBB</subfield>
    <subfield code="b">LBB</subfield>
    <subfield code="c">B441</subfield>
    <subfield code="d">2016-02-29</subfield>
    <subfield code="o">VEM SUM 2014 B441 Or.7</subfield>
    <subfield code="p">RUA053320</subfield>
    <subfield code="r">2016-02-29</subfield>
    <subfield code="w">2016-02-29</subfield>
    <subfield code="y">VTF`</subfield>
  </datafield>
  <datafield tag="952" ind1=" " ind2=" ">
    <subfield code="0">0</subfield>
    <subfield code="1">0</subfield>
    <subfield code="2">ddc</subfield>
    <subfield code="4">0</subfield>
    <subfield code="6">VEM_SUM_2014_000000000000000_B441_OR_8</subfield>
    <subfield code="7">0</subfield>
    <subfield code="9">42280</subfield>
    <subfield code="a">LBB</subfield>
    <subfield code="b">LBB</subfield>
    <subfield code="c">B441</subfield>
    <subfield code="d">2016-02-29</subfield>
    <subfield code="l">1</subfield>
    <subfield code="o">VEM SUM 2014 B441 Or.8</subfield>
    <subfield code="p">RUA053431</subfield>
    <subfield code="q">2017-03-21</subfield>
    <subfield code="r">2017-02-13</subfield>
    <subfield code="s">2017-02-13</subfield>
    <subfield code="w">2016-02-29</subfield>
    <subfield code="y">VTF`</subfield>
  </datafield>
</record>
